000 00284nam a22001217a 4500
003 SGT
082 _a347.012
_bRAO
100 _aRAO ,RAMAKRISHNA
245 _aJUDICIAL REVIEW AND ELECTIVE FRANCHISE
260 _aGUNTAR
_bANDHRA LAW TIMES
_c1956
300 _aXLIV,344
942 _2ddc
_cBK
999 _c20754
_d20754